Grunnkurs - historiske personer (Bilder) - Statistics

General Stats
  • This quiz has been taken 143 times
    107 since last reset
  • The average score is 11 of 26
Answer Stats
Picture Hint Answer % Correct
Viking som ble Norges første konge, 872 Harald Hårfagre
63%
Engelsk fysiker, forklarte tyngdekraften, 1687 Isaac Newton
63%
Den store kunstneren fra renessansen, malte Mona Lisa i 1503 Leonardo da Vinci
63%
Romersk general og diktator, drept 44 f.v.t. Julius Caesar
56%
Gresk filosof, skrev "Staten", 300-tallet f.v.t. Platon
56%
Østerriksk diktator av Nazi-Tyskland, 1933-45 Adolf Hitler
50%
Tysk-jødisk fysiker kjent for relativitetsteorien, 1905-15 Albert Einstein
50%
Gresk filosof og vitenskapsmann, 300-tallet f.v.t. Aristoteles
50%
Italiener som oppdaget Amerika for Spania, 1492 Christoffer Columbus
50%
Greker, skrev eposene "Iliaden" og "Odysseen", 700-tallet f.v.t. Homer
50%
Tysk munk som startet den protestantiske reformasjonen, 1517 Martin Luther
50%
Stor mongolsk keiser på 1200-tallet Dsjengis Khan
44%
Georgisk diktator av Sovjetunionen, 1928-53 Josef Stalin
44%
Forkjemper for Indias selvstendighet i 1947 Mahatma Gandhi
44%
Korsikansk general som ble fransk keiser, 1804-14 Napoleon
44%
Serbisk oppfinner og rival til den forrige Nikola Tesla
44%
Østerriksk klassisk komponist fra slutten av 1700-tallet Wolfgang Amadeus Mozart
44%
Den første romerske keiseren, 27 f.v.t.-14 v.t. Augustus
31%
Forkjemper mot apartheid i Sør-Afrika, ble president 1994-99 Nelson Mandela
31%
Russisk kommunist og leder av den russiske revolusjonen, 1917 Vladimir Lenin
31%
"Europas far" - franker som ble kronet keiser i 800 Karl den store (Charlemagne)
25%
Italiensk astronom og fysiker, kalt den moderne vitenskapens far, tidlig 1600-tallet Galileo Galilei
19%
Amerikansk oppfinner på slutten av 1800-tallet Thomas Edison
19%
Fransk opplysningstidstenker, fremmet ytrings- og religionsfrihet, ca. 1760 Voltaire
19%
Amerikansk statsmann, skrev Uavhengighets-erklæringen, 1776 Thomas Jefferson
13%
Polsk astronom som fremmet det heliosentriske verdensbildet, 1543 Nicolaus Copernicus
6%
No matching quizzes found
Score Distribution
Percent of People with Each Score
Percentile by Number Answered
Your Score History
You have not taken this quiz since the last reset